Statistiken für Liedtext - Der Weg - Herbert Grönemeyer

Klicken Sie hier um das Quiz zu spielen!

Allgemein

  • Dieses Quiz wurde 283 mal gespielt
  • Das Durchschnittsergebnis liegt bei 177 aus 237

Antwortstatistiken

Textquiz% Korrekt
Ich
94%
nicht
92%
weg
92%
Du
91%
der
90%
Das
89%
Hab'
87%
meine
87%
So
87%
In
86%
kann
86%
Kann
86%
zu
86%
Die
85%
die
85%
Es
85%
es
85%
ist
85%
mehr
85%
Auf
84%
Habe
84%
Mit
84%
sich
83%
Trau
83%
Wir
83%
Dein
82%
gut
82%
haben
82%
Haben
82%
Augen
81%
meinen
81%
seh'n
81%
wär'
81%
war
81%
bin
80%
Deine
80%
dich
80%
ein
80%
Hast
80%
hast
80%
Ins
80%
Raum
80%
Bis
79%
geflutet
79%
Leben
79%
noch
79%
Sonne
79%
Gegenteil
78%
jeden
78%
trag
78%
gehe
77%
im
77%
kaum
77%
uns
77%
Uns
77%
verkehrt
77%
viel
77%
mir
76%
Verdruß
76%
vom
76%
Vom
76%
bei
75%
Den
75%
den
75%
fair
75%
gedreht
75%
geht
75%
Güte
75%
träge
75%
trage
75%
Um
75%
Und
75%
was
75%
glauben
74%
fällt
73%
immer
73%
sanftmütige
73%
sicher
73%
verlängert
73%
Weil
73%
aufzugeben
72%
Dass
72%
Deinen
72%
Frist
72%
Gefühle
72%
Glück
72%
Vorhang
72%
alle
71%
auch
71%
geliebt
71%
früh
70%
Gang
70%
Himmel
70%
meiner
70%
nie
70%
Stolz
70%
gibt
69%
ging
69%
sicherer
69%
nobel
68%
unbändiger
68%
Wahrheit
68%
geboten
67%
Nordisch
67%
Plan
67%
Seele
67%
Stirn
67%
verraten
67%
verzweifelt
67%
wahren
67%
wenden
67%
Stück
66%
verlogen
66%
Aber
65%
einem
65%
Schußfahrt
64%
alles
63%
Gedichte
63%
spät
63%
unerschütterliches
63%
versucht
63%
vieles
63%
Zeitraffer
62%
Zeitreise
62%
Balkon
61%
Fügung
61%
silbernen
61%
verzettelt
61%
Geschick
60%
goldenen
60%
heitere
60%
Neue
60%
Unendlichkeit
60%
versunken
60%
Wär'n
60%
Zusammen
60%
Welt
59%
bestaunt
58%
Durch
58%
erlaubt
58%
getanzt
58%
Gezeiten
58%
Nichts
58%
trunken
58%
waren
58%
füreinander
57%
gestorben
57%
Heillos
56%
Regen
56%
vertrauen
55%
Würde
53%
Film
52%
gebogen
52%
Mittsommernachtstraum
52%
verschwor'n
50%
gelieh'n
48%
geschoben
46%
Offene
40%

Verteilung der Resultate

Perzentil nach korrekt beantworteten Fragen

Anzahl Personen mit jedem Resultat

Ihre Resultats-Entwicklung

Sie haben dieses Quiz noch nicht gespielt